Most Populous Landlocked Countries - Statistics

General Stats
  • This quiz has been taken 62 times
    40 since last reset
  • The average score is 13 of 18
Answer Stats
Population Country % Correct
16,372,000 Kazakhstan
91%
101,853,268 Ethiopia
85%
15,306,252 Niger
85%
10,907,778 Bolivia
82%
32,606,007 Uzbekistan
82%
10,329,208 Chad
79%
33,369,945 Afghanistan
76%
12,935,000 Zambia
76%
14,517,176 Mali
73%
40,322,768 Uganda
73%
15,746,232 Burkina Faso
70%
26,494,504 Nepal
70%
12,521,000 Zimbabwe
67%
12,340,000 South Sudan
61%
10,005,000 Hungary
58%
10,674,947 Czech Republic
52%
10,746,311 Rwanda
52%
15,028,757 Malawi
45%
No matching quizzes found
Score Distribution
Percent of People with Each Score
Percentile by Number Answered
Your Score History
You have not taken this quiz since the last reset